FBS Football Teams in Texas - Statistics

General Stats
  • This quiz has been taken 57 times
  • The average score is 12 of 13
Answer Stats
Mascot School % Correct
Longhorns Texas
100%
Aggies Texas A&M
100%
Horned Frogs TCU
98%
Red Raiders Texas Tech
98%
Mean Green North Texas
96%
Bearkats Sam Houston
96%
Bobcats Texas State
94%
Miners UTEP
94%
Cougars Houston
92%
Roadrunners UTSA
92%
Bears Baylor
86%
Owls Rice
86%
Mustangs SMU
86%
No matching quizzes found
Score Distribution
Percent of People with Each Score
Percentile by Number Answered
Your Score History
You have not taken this quiz